00931cam a2200253 i 4500001000500000005001700005008004100022020001500063040002300078050002400101082001200125100002000137245010300157250004400260260002200304300004000326490002500366505000800391520018200399521002100581521002000602650003500622700002000657142320230824115612.0801003s1981 nyua j 000 1 eng  a0590461230 aDLCcDLCdDLCbeng00aPZ7.A2615bCad 198100aFic2191 aAdler, David A.10aCam Jansen and the mystery of the dinosaur bones /cDavid A. Adler ; illustrated by Susanna Natti. aFirst Scholastci printing, October 1992 aNew York :c1981. a56 pages :billustrations ;c20 cm 1 aCam Jansen adventure aK  aWhen she notices some bones missing from a dinosaur skeleton exhibited in the museum, a young girl with a photographic memory tries to discover who has been taking them and why. a610 bLexile  aK bRaz-Plus  1aMystery and detective stories.1 aNatti, Susanna.